[Event "Panevezys op"]
[Site "Panevezys"]
[Date "2023.08.18"]
[Round "1"]
[White "Posaskov, Nikita"]
[Black "Vaicekauskas, Domas"]
[Result "1-0"]
[WhiteElo "2055"]
[BlackElo "1349"]
[PlyCount "41"]
[EventDate "2023.08.18"]
[EventType "swiss"]
[EventRounds "7"]
[EventCountry "LTU"]
[SourceTitle "EXT 2024"]
[Source "ChessBase"]
[SourceDate "2023.10.10"]
[SourceVersion "1"]
[SourceVersionDate "2023.10.10"]
[SourceQuality "1"]

1. e4 c5 2. Nf3 e6 3. d4 cxd4 4. Nxd4 Nf6 5. Bd3 d6 6. c4 a6 7. Nc3 Be7 8. 0-0 0-0 9. Be3 Nc6 10. Rc1 Re8 11. Kh1 Rb8 12. f4 Nd7 13. Qf3 Bf6 14. Nde2 Qc7 15. b3 Nb4 16. Bb1 Nc5 17. e5 dxe5 18. fxe5 Qxe5 19. Bf4 Nbd3 20. Bxe5 Nxc1 21. Bxf6 1-0